000 01454nam a2200409 i 4500
001 55111
003 KOSZ 005
005 20211130135513.0
008 080319s2006 pl f |000 0 pol d
020 _a9788374693738
040 _cKOSZ 005
_aKOSZ 005
_dKOSZ 005/HR
041 1 _apol
_heng
080 _a530.145
080 _a531.5
080 _a113/119
100 1 _aFeynman, Richard Phillips
_d(1918-1988)
_eAutor
245 1 0 _aWykłady z grawitacji /
_cRichard P. Feynman ; przeł. i posł. opatrzył Jerzy Kowalski-Glikman.
246 1 _iTytuł oryginału :
_aFeynman lecturers on gravitation
246 1 _iTytuł okładkwy :
_aFeynmana wykłady z fizyki
260 _aWarszawa :
_bPrószyński i S-ka,
_c2006.
300 _aL, 262 s. :
_brys. ;
_c20 cm.
336 _2rdacontent
_aTekst
_btxt
337 _2rdamedia
_aBez urządzenia pośredniczącego
_bn
338 _2rdacarrier
_aWolumin
_bnc
380 _aKsiążki
388 _a1901-2000
388 _a2001-
500 _aNa okł.: Feynmana wykłady z fizyki.
504 _aBibliogr. s. 251-259. Indeks.
650 4 _aMechanika kwantowa
650 4 _aKwantowa grawitacja
658 _aFizyka i astronomia
700 1 _aKowalski-Glikman, Jerzy.
_eTłumaczenie
710 2 _aPrószyński i S-ka
_4pbl.
856 _uhttp://koha.tu.koszalin.pl/cgi-bin/koha/opac-detail.pl?biblionumber=55111
_yKatalog online BPK
942 _cKS
_2UKD
999 _c55111
_d55111